| 000 | 01275nam0a2200301 4500 | ||
|---|---|---|---|
| 001 | RU\NLR\bibl\802555 | ||
| 005 | 20250614130042.0 | ||
| 021 |
_aRU _b2005-5142 _9258 |
||
| 035 | _a(NLR Aleph) 000791718 | ||
| 090 |
_a1125918 _c1125918 |
||
| 100 | _a20050523d2005 |||y0rusy50 ca | ||
| 101 | 0 | _arus | |
| 102 | _aRU | ||
| 105 | _ay ||||||||| | ||
| 200 | 1 |
_aЕвреи в России _e(исторический обзор, очерки) _eпо страницам книги А.И. Солженицына "Двести лет вместе" _fБ.М. Друянов |
|
| 210 |
_aМосква _c[б.и.] _d2005 |
||
| 215 |
_a213 с. _d20 |
||
| 320 | _aБиблиогр.: с. 211-212 | ||
| 604 |
_1700#1$aСолженицын$bА. И.$f1918-$gАлександр Исаевич$4070 _150010$aДвести лет вместе. 1795-1995$2psbo _aСолженицын, Александр Исаевич (1918-) _tДвести лет вместе. 1795-1995 |
||
| 606 | 1 |
_aЕвреи _yРоссия _91073154 _3RU\NLR\auth\66418242 |
|
| 686 | _aТ3(29=Е) | ||
| 700 | 1 |
_aДруянов _bБ. М. _gБорис Матвеевич _4070 |
|
| 801 | 0 |
_aRU _bNLR _c20050523 _gPSBO |
|
| 801 | 1 |
_aRU _bNLR _c20050523 |
|
| 830 | _aавт. по кн. | ||
| 942 | _cBOOK | ||
| 980 | _aNB | ||